[Event "Namangan op"]
[Site "Namangan"]
[Date "2025.06.04"]
[Round "9"]
[White "Azizov, Bekhroz"]
[Black "Bobomurodova, Maftuna"]
[Result "1/2-1/2"]
[WhiteElo "1956"]
[BlackElo "1885"]
[PlyCount "114"]
[EventDate "2025.05.29"]
[EventType "swiss"]
[EventRounds "9"]
[EventCountry "UZB"]
[SourceTitle "CB23_2025"]
[SourceDate "2025.06.04"]
[SourceVersion "1"]
[SourceVersionDate "2025.06.04"]
[SourceQuality "1"]

1. e4 e5 2. Nf3 Nc6 3. Bb5 Nf6 4. 0-0 Nxe4 5. Re1 Nd6 6. Nxe5 Nxe5 7. Rxe5+ Be7 8. Bf1 0-0 9. d4 Bf6 10. Re1 Re8 11. Rxe8+ Nxe8 12. c3 d5 13. Bd3 g6 14. Bf4 c6 15. Nd2 Ng7 16. Nf3 Bf5 17. Qd2 Bxd3 18. Qxd3 Qd7 19. Re1 Re8 20. Rxe8+ Qxe8 21. Qe3 Qe6 22. Be5 Bd8 23. Qh6 Nf5 24. Qd2 f6 25. Bf4 Be7 26. Qe1 Qxe1+ 27. Nxe1 Bd6 28. Bd2 Kf7 29. g4 Ng7 30. Kg2 h5 31. h3 hxg4 32. hxg4 Ne6 33. Nd3 g5 34. f3 Ke7 35. Be3 Kf7 36. Kf1 Ke7 37. Ke2 b6 38. b3 b5 39. Kd2 Kd7 40. Nb2 a6 41. Kd3 Nf8 42. c4 Ng6 43. cxd5 cxd5 44. Ke2 Nf8 45. Nd3 Ne6 46. Bf2 Nf4+ 47. Nxf4 Bxf4 48. Be1 Kc6 49. Kd3 Kd7 50. Bb4 Bc7 51. Bd2 a5 52. Ke2 b4 53. Kd3 Bd6 54. a3 Kc6 55. a4 Kd7 56. Ke2 Be7 57. f4 Kc6 1/2-1/2

[Event "Namangan op"]
[Site "Namangan"]
[Date "2025.06.03"]
[Round "8"]
[White "Kasimov, Rauf"]
[Black "Azizov, Bekhroz"]
[Result "1-0"]
[WhiteElo "2086"]
[BlackElo "1956"]
[PlyCount "73"]
[EventDate "2025.05.29"]
[EventType "swiss"]
[EventRounds "9"]
[EventCountry "UZB"]
[SourceTitle "CB23_2025"]
[SourceDate "2025.06.04"]
[SourceVersion "1"]
[SourceVersionDate "2025.06.04"]
[SourceQuality "1"]

1. e4 c5 2. Nf3 e6 3. d4 cxd4 4. Nxd4 Nc6 5. Nc3 Qc7 6. Ndb5 Qb8 7. Be3 Nf6 8. g4 a6 9. Nd4 d6 10. g5 Nd7 11. h4 Be7 12. h5 Qc7 13. a4 Na5 14. f4 Nb6 15. Qf3 Nbc4 16. Bc1 Qb6 17. Nde2 Nc6 18. Rh2 Bd7 19. b3 Nb4 20. Ng3 Na5 21. Rf2 Rc8 22. Bb2 Qc5 23. Bh3 f6 24. h6 g6 25. gxf6 Bxf6 26. e5 Bh4 27. Nce4 Nxc2+ 28. Kf1 Qb6 29. Nxd6+ Ke7 30. Ba3 Nxa3 31. Qg4 g5 32. fxg5 Rhf8 33. Nxc8+ Bxc8 34. Rxf8 Kxf8 35. Qxh4 Qe3 36. Re1 Qd3+ 37. Kg1 1-0

[Event "Namangan op"]
[Site "Namangan"]
[Date "2025.06.01"]
[Round "6"]
[White "Shamsuddin, Sayyid Usmon"]
[Black "Azizov, Bekhroz"]
[Result "1-0"]
[WhiteElo "2160"]
[BlackElo "1956"]
[PlyCount "83"]
[EventDate "2025.05.29"]
[EventType "swiss"]
[EventRounds "9"]
[EventCountry "UZB"]
[SourceTitle "CB23_2025"]
[SourceDate "2025.06.04"]
[SourceVersion "1"]
[SourceVersionDate "2025.06.04"]
[SourceQuality "1"]

1. Nc3 d5 2. e4 d4 3. Nce2 c5 4. f4 Nc6 5. Nf3 Nf6 6. Ng3 h5 7. e5 h4 8. exf6 hxg3 9. fxg7 Bxg7 10. Bc4 Qd6 11. d3 gxh2 12. Qe2 Qg6 13. Ng5 Nd8 14. Bd2 f6 15. Ne4 Bg4 16. Qf2 Qh5 17. Ng3 Qg6 18. f5 Qh7 19. Kf1 Nf7 20. Re1 Qh4 21. b4 Rc8 22. Be6 Rc7 23. bxc5 Bh6 24. Bxh6 Rxh6 25. Bxf7+ Kxf7 26. Qf4 Rxc5 27. Re4 Re5 28. Ke1 e6 29. Kd2 Rxe4 30. Qc7+ Kg8 31. Qc8+ Kg7 32. Qxb7+ Kg8 33. Qb8+ Kg7 34. Qxa7+ Kg8 35. Qb8+ Kg7 36. Qc7+ Kg8 37. Nxe4 exf5 38. Rb1 Qe1+ 39. Rxe1 h1Q 40. Rxh1 Rxh1 41. Nxf6+ Kh8 42. Nxg4 1-0